| 000 | 00545cam a2200181 4500500 | ||
|---|---|---|---|
| 005 | 20260405002203.0 | ||
| 041 | _afre | ||
| 042 | _adc | ||
| 100 | 1 | 0 |
_aPortevin, Catherine _eauthor |
| 245 | 0 | 0 | _aContre la bienveillance |
| 260 | _c2016. | ||
| 500 | _a51 | ||
| 690 | _aBienveillance | ||
| 690 | _aContrat social | ||
| 690 | _aYves Michaud | ||
| 786 | 0 | _nPhilosophie magazine | 98 | 4 | 2016-04-01 | p. 69-70 | 1951-1787 | |
| 856 | 4 | 1 | _uhttps://shs.cairn.info/magazine-philosophie-magazine-2016-4-page-69?lang=fr&redirect-ssocas=7080 |
| 999 |
_c2055182 _d2055182 |
||